000 00369nam a22001577a 4500
003 MPLRDC
005 20220104143229.0
008 210129b ||||| |||| 00| 0 eng d
082 _a610.07 KZSJ
100 _a不详
245 _a廿五史通俗演义
_c
260 _a
_b香港广智书局
_c
300 _b
650 _a中国通史
942 _cBK
_o610.07 KZSJ
999 _c37871
_d37861